French Names of Europa Countries - Statistics

General Stats
  • This quiz has been taken 29 times
  • The average score is 37 of 44
Answer Stats
English Names French Names % Correct
France France
100%
Albania Albanie
91%
Germany Allemagne
91%
Bosnia Herzegovina Bosnie Herzégovine
91%
Croatia Croatie
91%
Italy Italie
91%
Luxembourg Luxembourg
91%
Monaco Monaco
91%
Andorra Andorre
87%
Belgium Belgique
87%
Bulgaria Bulgarie
87%
Estonia Estonie
87%
Iceland Islande
87%
Kosovo Kosovo
87%
Malta Malte
87%
Netherland Pays Bas
87%
Switzerland Suisse
87%
Spain Espagne
83%
Finland Finlande
83%
Greece Grèce
83%
Liechtenstein Liechtenstein
83%
Lithuania Lituanie
83%
Montenegro Monténégro
83%
Norway Norvège
83%
Portugal Portugal
83%
Romania Roumanie
83%
United Kingdom Royaume Uni
83%
Serbia Serbie
83%
Slovenia Slovénie
83%
Sweden Suède
83%
Austria Autriche
78%
Belarus Biélorussie
78%
Denmark Danemark
78%
Hungary Hongrie
78%
Latvia Lettonie
78%
Moldova Moldavie
78%
Poland Pologne
78%
Slovakia Slovaquie
78%
Ukraine Ukraine
78%
Vatican Vatican
78%
Ireland Irlande
74%
Czech Republic République Tchèque
74%
San Marino Saint Marin
74%
Macedonia Macédoine
70%
No matching quizzes found
Score Distribution
Percent of People with Each Score
Percentile by Number Answered
Your Score History
You have not taken this quiz